LIBRARY & INFORMATION CENTRE, KCAET, TAVANUR

ONLINE PUBLIC ACCESS CATALOGUE (OPAC)

Fundamentals of system analysis / (Record no. 10269)

MARC details
000 -LEADER
fixed length control field 00434cam a2200169ua 4500
003 - CONTROL NUMBER IDENTIFIER
control field OSt
008 - FIXED-LENGTH DATA ELEMENTS--GENERAL INFORMATION
fixed length control field 250512b |||||||| |||| 00| 0 eng d
041 ## - LANGUAGE CODE
Language code of text/sound track or separate title eng
082 ## - DEWEY DECIMAL CLASSIFICATION NUMBER
Classification number 624.171
Item number FIT/FU
100 ## - MAIN ENTRY--AUTHOR NAME
Personal name Fitzgerald, Jerry .
245 ## - TITLE STATEMENT
Title Fundamentals of system analysis /
250 ## - EDITION STATEMENT
Edition statement 3 /
260 ## - PUBLICATION, DISTRIBUTION, ETC. (IMPRINT)
Place of publication London :
Name of publisher John Wiley & Sons ,
Year of publication 1987.
300 ## - PHYSICAL DESCRIPTION
Number of Pages 871 ; .
700 1# - ADDED ENTRY--PERSONAL NAME
Personal name Fitzgerald, Ardra F .
942 ## - ADDED ENTRY ELEMENTS (KOHA)
Koha item type Books
Holdings
Withdrawn status Lost status Damaged status Home library Current library Date acquired Full call number Accession Number Koha item type
      KAUAET KAUAET 07/04/2012 624.171 FIT/FU 17746 Books
free website counter